Alphonse Juilland : d'une passion l'autre /

Bibliographic Details
Other Authors: Cazelles, Brigitte, Girard, René, 1923-2015
Format: Book
Language:French
Published: Saratoga, Calif. : Anma Libri, 1987.
Series:Stanford French and Italian studies ; v. 53.
Subjects:

MARC

Tag First Indicator Second Indicator Subfields
LEADER 00000cam a2200000 a 4500
001 in00000762421
005 20161022063126.0
008 870701s1987 caua 01000dfre
010 |a  87071799  
020 |a 0915838699 
035 |a (OCoLC)18202619 
035 |9 ADL0590AM 
040 |a DLC  |c DLC  |d TXA  |d UtOrBLW 
043 |a n-us--- 
049 |a TXAM  |c [A11869773] 
050 0 0 |a PC14.J85  |b A46 1987 
082 0 |a 840  |2 19 
245 0 0 |a Alphonse Juilland :  |b d'une passion l'autre /  |c edited by Brigitte Cazelles and René Girard. 
264 1 |a Saratoga, Calif. :  |b Anma Libri,  |c 1987. 
300 |a 279 pages :  |b illustrations ;  |c 24 cm. 
336 |a text  |b txt  |2 rdacontent 
337 |a unmediated  |b n  |2 rdamedia 
338 |a volume  |b nc  |2 rdacarrier 
490 1 |a Stanford French and Italian studies ;  |v v. 53 
650 0 |a Romance philology. 
650 0 |a Language and languages. 
600 1 0 |a Shakespeare, William,  |d 1564-1616  |x Criticism and interpretation. 
600 1 0 |a Juilland, Alphonse G. 
650 0 |a French teachers  |z United States  |x Biography. 
700 1 |a Cazelles, Brigitte. 
700 1 |a Girard, René,  |d 1923-2015. 
830 0 |a Stanford French and Italian studies ;  |v v. 53. 
999 |a MARS 
999 f f |s ce404ea4-1c2c-3b26-b786-444cb223cae8  |i 208e7ad3-1f20-3198-9020-dd6e65068eb1  |t 0 
952 f f |p ric  |a Texas A&M University  |b Rellis Campus  |c Joint Library Facility  |d Remote Storage  |t 0  |e PC14.J85 A46 1987  |h Library of Congress classification  |i unmediated -- volume  |m A14819942981 
998 f f |a PC14.J85 A46 1987  |t 0  |l Remote Storage